राजनक-कुन्तकविरचित-वक्रोक्तिजीवितस्य वक्रोक्तिविवृति: (Record no. 118055)
[ view plain ]
| 000 -LEADER | |
|---|---|
| fixed length control field | 00666nam a22001577a 4500 |
| 008 - FIXED-LENGTH DATA ELEMENTS--GENERAL INFORMATION | |
| fixed length control field | 241120b |||||||| |||| 00| 0 eng d |
| 020 ## - INTERNATIONAL STANDARD BOOK NUMBER | |
| International Standard Book Number | 9789937115704 |
| 082 ## - DEWEY DECIMAL CLASSIFICATION NUMBER | |
| Edition number | 23rd. |
| Classification number | N294.5/L464r |
| 100 ## - MAIN ENTRY--PERSONAL NAME | |
| Personal name | लामिछाने, शिवराज |
| 241 ## - ROMANIZED TITLE (BK AM CF MP MU VM) | |
| Romanized title | Rajnak-kuntakvirachit-vakroktijivitasya vakroktivivriti: |
| 245 ## - TITLE STATEMENT | |
| Title | राजनक-कुन्तकविरचित-वक्रोक्तिजीवितस्य वक्रोक्तिविवृति: |
| Statement of responsibility, etc. | शिवराज लामिछाने. |
| 260 ## - PUBLICATION, DISTRIBUTION, ETC. | |
| Place of publication, distribution, etc. | [s.l.]: |
| Name of publisher, distributor, etc. | Anita Nepal, |
| Date of publication, distribution, etc. | 2078BS. |
| 300 ## - PHYSICAL DESCRIPTION | |
| Extent | 156p. |
| 650 ## - SUBJECT ADDED ENTRY--TOPICAL TERM | |
| Topical term or geographic name entry element | हिन्दुधर्म |
| 942 ## - ADDED ENTRY ELEMENTS (KOHA) | |
| Source of classification or shelving scheme | Dewey Decimal Classification |
| Koha item type | ISBN |
| Withdrawn status | Lost status | Source of classification or shelving scheme | Damaged status | Not for loan | Home library | Current library | Date acquired | Total Checkouts | Full call number | Barcode | Date last seen | Price effective from | Koha item type |
|---|---|---|---|---|---|---|---|---|---|---|---|---|---|
| Dewey Decimal Classification | Tribhuvan University Central Library | Tribhuvan University Central Library | 11/20/2024 | N294.5/L464r | IS30098 | 11/20/2024 | 11/20/2024 | ISBN | |||||
| Dewey Decimal Classification | Tribhuvan University Central Library | Tribhuvan University Central Library | 11/20/2024 | N294.5/L464r | IS30099 | 11/20/2024 | 11/20/2024 | ISBN |
